The media kit : (Record no. 344884)
[ view plain ]
| 000 -LEADER | |
|---|---|
| fixed length control field | 00709nam a2200253Ia 4500 |
| 008 - FIXED-LENGTH DATA ELEMENTS--GENERAL INFORMATION | |
| fixed length control field | 171025s9999 xx 000 0 und d |
| 020 ## - INTERNATIONAL STANDARD BOOK NUMBER | |
| International Standard Book Number | 9789712720086 |
| 050 ## - LIBRARY OF CONGRESS CALL NUMBER | |
| Classification number | 700 |
| 050 ## - LIBRARY OF CONGRESS CALL NUMBER | |
| Item number | C355 2008 |
| 100 ## - MAIN ENTRY--PERSONAL NAME | |
| Personal name | Casul, Melanie |
| 245 #4 - TITLE STATEMENT | |
| Title | The media kit : |
| 245 ## - TITLE STATEMENT | |
| Remainder of title | a frame-by-frame guide to visual production / |
| 245 ## - TITLE STATEMENT | |
| Statement of responsibility, etc | Melanie Casul, Jag Garcia and Michael Kho Lim. |
| 260 ## - PUBLICATION, DISTRIBUTION, ETC. (IMPRINT) | |
| Place of publication, distribution, etc | Philippines : |
| 260 ## - PUBLICATION, DISTRIBUTION, ETC. (IMPRINT) | |
| Name of publisher, distributor, etc | Anvil Publishing, |
| 260 ## - PUBLICATION, DISTRIBUTION, ETC. (IMPRINT) | |
| Date of publication, distribution, etc | 2008 |
| 300 ## - PHYSICAL DESCRIPTION | |
| Extent | 270 pages : |
| 300 ## - PHYSICAL DESCRIPTION | |
| Other physical details | illustrations ; |
| 300 ## - PHYSICAL DESCRIPTION | |
| Dimensions | 22cm. |
| 500 ## - GENERAL NOTE | |
| General note | Includes appendix and bibliographic reference. |
| 650 ## - SUBJECT ADDED ENTRY--TOPICAL TERM | |
| Topical term or geographic name as entry element | Fine and decorative arts. |
| 700 ## - ADDED ENTRY--PERSONAL NAME | |
| Personal name | Garcia, Jag. |
| 700 ## - ADDED ENTRY--PERSONAL NAME | |
| Personal name | Lim, Michael Kho. |
| Withdrawn status | Lost status | Damaged status | Home library | Current library | Date acquired | Total Checkouts | Full call number | Barcode | Date last seen | Price effective from | Koha item type |
|---|---|---|---|---|---|---|---|---|---|---|---|
| Stonyhurst Southville International School (Malarayat) | Stonyhurst Southville International School (Malarayat) | 10/25/2017 | SHS 700 C355 2008 | SSISM3937 | 10/25/2017 | 10/25/2017 | Books |